College Football Team Mascots That Don't End in S - Statistics

General Stats
  • This quiz has been taken 15 times
  • The average score is 10 of 26
Answer Stats
Answer % Correct
Fighting Irish
75%
Orange
75%
Alabama
63%
Cardinal
63%
Crimson Tide
63%
Fighting Illini
63%
Notre Dame
63%
Green Wave
50%
Tulane
50%
Golden Hurricane
38%
Illinois
38%
Mean Green
38%
Midshipmen
38%
Minutemen
38%
Navy
38%
Stanford
38%
Thundering Herd
38%
Marshall
25%
North Texas
25%
Syracuse
25%
Massachusetts
13%
Nevada
13%
North Carolina State
13%
Tulsa
13%
Wolfpack
13%
Wolfpack
13%
No matching quizzes found
Score Distribution
Percent of People with Each Score
Percentile by Number Answered
Your Score History
You have not taken this quiz